• 首页
  • 本馆介绍
  • 公告通知
  • 最新文献
  • 馆藏检索
  • 电子资源
  • 读者导购
  • 参考咨询
  • 我的图书馆
  • 登录
  • 详细信息显示
  • 放入我的书架
  • 预约/预借图书
  • 作者相关作品
  • 分类相关作品
  • 丛书相关作品
  • 出版社相关作品

书目信息

  • 表格格式
  • 工作单格式
  • 卡片格式
题名:
简明国际教育百科全书
    
 
作者: 胡森 , 特尔威斯
分册:  
出版信息: 北京   教育科学出版社  1992
页数: 454页
开本: 20cm
丛书名: 东西方教育丛书
单 册:
中图分类: G449.1
科图分类:
主题词: 教育测验 , 教育评估
电子资源:
ISBN: 7-5041-0731-X
000 00997nam0 2200253 45
001 1253414501
005 20121004145200.01
010    @a7-5041-0731-X@b半精装@d18.00元
100    @a20000424d1992 km y0chiy0120 ea
101 0  @achi
200 1  @a简明国际教育百科全书@AJian Ming Guo Ji Jiao Yu Bai Ke Quan Shu@e教育测量与评价@EJiao Yu Ce Liang Yu Ping Jia@f(瑞典)胡森(Husen.T.),(德)特尔威斯(Thwaite.N.P);许建钺...[等]编译@F(Rui Dian)Hu Sen(Husen.T.),(De)Te Er Wei Si(Thwaite.N.P);Xu Jian Yue...[Deng]Bian Yi
210    @a北京@c教育科学出版社@d1992
215    @a454页@d20cm
225    @a东西方教育丛书@f周南照,杨典求主编
410    @12001 @a东西方教育丛书
410    @1700 0@a杨典求@AYang Dian Qiu@4主编@a周南照@AZhouNan Zhao@4主编
517    @a教育测量与评价@AJiao Yu Ce Liang Yu Ping Jia
606 0  @a教育测验
606 0  @a教育评估
690    @aG449.1@v3
701  0 @a胡森@bHusen.T.
701  0 @a特尔威斯@bThwaite.N.P
801    @aCN@bTSSF@c20000424
905    @a10447@dG449.1@eJY235
    
    简明国际教育百科全书:教育测量与评价/(瑞典)胡森(Husen.T.),(德)特尔威斯(Thwaite.N.P);许建钺...[等]编译.-北京:教育科学出版社,1992
    454页;20cm.-(东西方教育丛书/周南照,杨典求主编)
    
    
    ISBN 7-5041-0731-X(半精装):18.00元
    
●
相关链接 在E读中查询图书 在五车中查询图书 在当当中查询图书 在豆瓣中查询图书


正题名:简明国际教育百科全书     索取号:G449.1/JY235         预约/预借

序号 登录号 条形码 馆藏地/架位号 状态 备注
1 7805657   278056577   学院路分馆/ [索取号:G449.1/JY235] 在馆    
2 7805658   278056586   学院路分馆/ [索取号:G449.1/JY235] 在馆    
3 7805659   278056595   学院路分馆/ [索取号:G449.1/JY235] 在馆    
4 7805660   278056602   学院路分馆/ [索取号:G449.1/JY235] 在馆    
唐山师范学院图书馆 欢迎您!
大连网信软件有限公司© 版权所有